00625nam a2200181Ia 4500003000900000008004100009040001300050040001300063041000800076100002000084245004400104250000900148260001200157260000900169300001200178490000600190600024700196IT-RoPAU120407s9999 xx 000 0 und d aIT-RoPAU cIT-RoPAU aita aBenedetto Croce aOpere di Benedetto Croce. ed. economica aBari aLaterza c1965 c18,5 cm v1 a"6. La poesia 7. Storia come pensiero e come azione 8. Storia per l’estetica per saggi 9. Storia d’Italia dal 1871 al 1915 10. Letture di poeti. 4. Etica e politica 5. Storia d’Europa nel secolo decimonono segue"